000 00954 a2200229 4500
005 20081010112531.0
008 081010t xxu||||| |||| 00| 0 urd d
010 _aUR-7294
020 _a8187113890
_c450.00
035 _aU-5849
037 _bD.B.Act /pub
082 _a440
100 _aنا رنگ گو پی چند
245 _aاردو زبا ن اور لسا نيا ت
_cگوپی چند نا ر نگ
246 _aUrdu zabaan aur Lisaaniyaat
_bby gopi chand Narang
260 _aرامپور
_bوقار الحسن صد يقی ،رضا لايبر يری
_c2006
270 _aافسر بکا ر خاص ،رامپور رضا لا يبر يری
_bرامپور
_cيوپی
_e244901
300 _a437 ص
_c22cm /(Hb)
650 _aلسا نيا ت
942 _adpl
_cUR
_2ddc
_h440
_mن ا ر
999 _c2071
_d2071